Land and sustainable development in Africa. (Record no. 80579)
[ view plain ]
| 000 -LEADER | |
|---|---|
| fixed length control field | 01236nam a2200217 a 4500 |
| 008 - FIXED-LENGTH DATA ELEMENTS--GENERAL INFORMATION | |
| fixed length control field | 100120s2008 ||||||||||||||||| || u |
| 020 ## - INTERNATIONAL STANDARD BOOK NUMBER | |
| International Standard Book Number | 9781842779132 |
| 050 ## - LIBRARY OF CONGRESS CALL NUMBER | |
| Classification number | HD 990.Z3 Lan. |
| 100 ## - MAIN ENTRY--PERSONAL NAME | |
| Personal name | Amanor, Kojo Sebastian |
| 245 10 - TITLE STATEMENT | |
| Title | Land and sustainable development in Africa. |
| Statement of responsibility, etc. | edited by Kojo Sebastian Amanor; Sam Moyo |
| 260 ## - PUBLICATION, DISTRIBUTION, ETC. | |
| Place of publication, distribution, etc. | London: |
| Name of publisher, distributor, etc. | Zed Books |
| Date of publication, distribution, etc. | 2008 |
| 300 ## - PHYSICAL DESCRIPTION | |
| Extent | [xiii], 226p.: ill. |
| 350 ## - | |
| -- | 0.00 |
| 650 ## - SUBJECT ADDED ENTRY--TOPICAL TERM | |
| Topical term or geographic name entry element | LAND |
| 650 ## - SUBJECT ADDED ENTRY--TOPICAL TERM | |
| Topical term or geographic name entry element | LAND USE--ENVIRONMENTAL ASPECTS--AFRICA, SOUTHERN |
| 700 ## - ADDED ENTRY--PERSONAL NAME | |
| Personal name | Moyo, Sam |
| 995 ## - | |
| -- | ANNEX COLLECTION (Main Library) |
| -- | 0.00 |
| -- | 740825 |
| -- | CBU-MAIN LIBRARY (Kitwe) |
| -- | 1 |
| -- | 0.00 |
| -- | HD 990.Z3 LAN. |
| -- | 4 |
| -- | AVAILABLE |
| -- | Mar 22, 2010 |
| -- | 740825 |
| -- | Annex Low-Usage Collection |
| 995 ## - | |
| -- | MAIN LIBRARY OPEN ACCESS |
| -- | 0.00 |
| -- | 740824 |
| -- | CBU-MAIN LIBRARY (Kitwe) |
| -- | 1 |
| -- | 0.00 |
| -- | HD 990.Z3 LAN. |
| -- | 3 |
| -- | AVAILABLE |
| -- | Mar 22, 2010 |
| -- | 740824 |
| -- | Main Library Open Access Collection |
| 995 ## - | |
| -- | ANNEX COLLECTION (Main Library) |
| -- | 0.00 |
| -- | 740822 |
| -- | CBU-MAIN LIBRARY (Kitwe) |
| -- | 1 |
| -- | 0.00 |
| -- | HD 990.Z3 LAN. |
| -- | 1 |
| -- | AVAILABLE |
| -- | Mar 22, 2010 |
| -- | 740822 |
| -- | Annex Low-Usage Collection |
| 995 ## - | |
| -- | MAIN LIBRARY OPEN ACCESS |
| -- | 0.00 |
| -- | 740823 |
| -- | CBU-MAIN LIBRARY (Kitwe) |
| -- | 1 |
| -- | 0.00 |
| -- | HD 990.Z3 LAN. |
| -- | 2 |
| -- | AVAILABLE |
| -- | Mar 22, 2010 |
| -- | 740823 |
| -- | Main Library Open Access Collection |
| 999 ## - | |
| -- | 80579 |
| -- | 80579 |
| Withdrawn status | Lost status | Source of classification or shelving scheme | Damaged status | Not for loan | Permanent Location | Current Location | Shelving location | Date acquired | Total Checkouts | Full call number | Barcode | Date last seen | Copy number | Price effective from | Koha item type |
|---|---|---|---|---|---|---|---|---|---|---|---|---|---|---|---|
| CBU-MAIN LIBRARY, KITWE. | CBU-MAIN LIBRARY, KITWE. | 06/30/2023 | HD 990.Z3 Lan | 740825 | 06/30/2023 | 1 | 06/30/2023 | MONOGRAPH | |||||||
| CBU-MAIN LIBRARY, KITWE. | CBU-MAIN LIBRARY, KITWE. | 06/30/2023 | HD 990.Z3 Lan | 740824 | 06/30/2023 | 2 | 06/30/2023 | MONOGRAPH | |||||||
| CBU-MAIN LIBRARY, KITWE. | CBU-MAIN LIBRARY, KITWE. | 06/30/2023 | HD 990.Z3 Lan | 740822 | 06/30/2023 | 3 | 06/30/2023 | MONOGRAPH | |||||||
| CBU-MAIN LIBRARY, KITWE. | CBU-MAIN LIBRARY, KITWE. | 06/30/2023 | HD 990.Z3 Lan | 740823 | 06/30/2023 | 4 | 06/30/2023 | MONOGRAPH |